[Event "Deutsche Ländermeisterschaft 2014"]
[Site "Hannover GER"]
[Date "2014.10.04"]
[Round "2"]
[White "Wenninger, Philipp"]
[Black "Zimmermann, Ulrich"]
[Result "0-1"]
[Termination "normal"]
[Board "3.1"]
[WhiteElo "2259"]
[BlackElo "2353"]
[WhiteClock "00:01:56"]
[BlackClock "00:08:04"]
[WhiteTeam "Bayern"]
[BlackTeam "Württemberg"]
[PlyCount "76"]
[WhiteFideId "4648404"]
[BlackFideId "24654523"]
[EventCountry "GER"]
[EventRounds "7"]
[EventType "team-swiss"]
[EventDate "2014.10.02"]

1. Nf3 {[%clk 1:30:11]} d5 {[%clk 1:30:46]} 2. c4 {[%clk 1:30:35]} d4 {[%clk
1:31:08]} 3. b4 {[%clk 1:30:56]} g6 {[%clk 1:30:22]} 4. g3 {[%clk 1:30:59]} Bg7
{[%clk 1:30:47]} 5. d3 {[%clk 1:30:49]} a5 {[%clk 1:30:38]} 6. bxa5 {[%clk
1:21:18]} Rxa5 {[%clk 1:30:26]} 7. Bb2 {[%clk 1:19:45]} e5 {[%clk 1:30:19]} 8.
Bg2 {[%clk 1:19:48]} Ne7 {[%clk 1:30:37]} 9. O-O {[%clk 1:19:49]} O-O {[%clk
1:30:55]} 10. Nbd2 {[%clk 1:16:55]} Nd7 {[%clk 1:31:18]} 11. e3 {[%clk
1:13:48]} dxe3 {[%clk 1:27:15]} 12. fxe3 {[%clk 1:14:11]} e4 {[%clk 1:16:50]}
13. Nd4 {[%clk 0:43:59]} c5 {[%clk 1:16:11]} 14. dxe4 {[%clk 0:44:23]} cxd4
{[%clk 1:15:49]} 15. exd4 {[%clk 0:44:28]} Nb6 {[%clk 1:01:50]} 16. e5 {[%clk
0:38:15]} Na4 {[%clk 1:00:41]} 17. Qb3 {[%clk 0:37:39]} Nxb2 {[%clk 0:50:53]}
18. Qxb2 {[%clk 0:38:08]} Nf5 {[%clk 0:50:47]} 19. Nb3 {[%clk 0:35:18]} Ra4
{[%clk 0:50:53]} 20. Qc3 {[%clk 0:34:41]} b6 {[%clk 0:48:53]} 21. Bc6 {[%clk
0:22:38]} Ra7 {[%clk 0:49:13]} 22. Rfe1 {[%clk 0:15:24]} h5 {[%clk 0:42:16]}
23. a4 {[%clk 0:14:58]} Rc7 {[%clk 0:32:45]} 24. Bb5 {[%clk 0:13:24]} Qg5
{[%clk 0:23:15]} 25. Qc1 {[%clk 0:05:21]} Qe7 {[%clk 0:16:21]} 26. Qa3 {[%clk
0:03:55]} Qd8 {[%clk 0:11:14]} 27. Rad1 {[%clk 0:04:12]} h4 {[%clk 0:11:14]}
28. g4 {[%clk 0:03:21]} h3 {[%clk 0:10:04]} 29. gxf5 {[%clk 0:01:03]} Qg5+
{[%clk 0:10:27]} 30. Kf2 {[%clk 0:01:31]} Qg2+ {[%clk 0:10:33]} 31. Ke3 {[%clk
0:02:00]} Bxf5 {[%clk 0:10:38]} 32. d5 {[%clk 0:01:16]} Bxe5 {[%clk 0:08:53]}
33. Nd2 {[%clk 0:00:45]} Qxh2 {[%clk 0:07:47]} 34. Nf3 {[%clk 0:00:53]} Bf4+
{[%clk 0:07:20]} 35. Kd4 {[%clk 0:01:17]} Qf2+ {[%clk 0:07:44]} 36. Kc3 {[%clk
0:01:26]} Qxf3+ {[%clk 0:08:08]} 37. Kb2 {[%clk 0:01:43]} Qf2+ {[%clk 0:07:56]}
38. Ka1 {[%clk 0:01:56]} Bh6 {[%clk 0:08:04]} 0-1

[Event "Deutsche Ländermeisterschaft 2014"]
[Site "Hannover GER"]
[Date "2014.10.04"]
[Round "2"]
[White "Gibicar, Danijel"]
[Black "Ott, Florian"]
[Result "1/2-1/2"]
[Termination "normal"]
[Board "3.2"]
[WhiteElo "2164"]
[BlackElo "2179"]
[WhiteClock "00:13:38"]
[BlackClock "00:47:10"]
[WhiteTeam "Württemberg"]
[BlackTeam "Bayern"]
[PlyCount "41"]
[WhiteFideId "24660256"]
[BlackFideId "12900281"]
[EventCountry "GER"]
[EventRounds "7"]
[EventType "team-swiss"]
[EventDate "2014.10.02"]

1. e4 c5 2. Nf3 {[%clk 1:31:16]} d6 {[%clk 1:31:29]} 3. d4 {[%clk 1:31:37]}
cxd4 {[%clk 1:31:58]} 4. Nxd4 {[%clk 1:31:59]} Nf6 {[%clk 1:32:24]} 5. Nc3 a6
6. Be3 {[%clk 1:32:35]} e5 {[%clk 1:33:19]} 7. Nb3 {[%clk 1:33:01]} Be7 {[%clk
1:33:48]} 8. h3 {[%clk 1:33:13]} O-O {[%clk 1:33:56]} 9. g4 {[%clk 1:33:00]}
Be6 {[%clk 1:32:01]} 10. g5 {[%clk 1:32:25]} Nfd7 {[%clk 1:32:06]} 11. h4
{[%clk 1:32:40]} Nb6 {[%clk 1:32:24]} 12. Qd2 {[%clk 1:25:13]} Qc7 {[%clk
1:19:58]} 13. O-O-O {[%clk 1:11:57]} N8d7 {[%clk 1:13:33]} 14. Kb1 {[%clk
0:52:27]} Rac8 {[%clk 1:08:04]} 15. Be2 {[%clk 0:40:21]} f5 {[%clk 1:00:25]}
16. gxf6 {[%clk 0:24:03]} Nxf6 {[%clk 0:59:41]} 17. Rhg1 {[%clk 0:20:56]} Nc4
{[%clk 0:53:49]} 18. Bxc4 {[%clk 0:20:37]} Qxc4 {[%clk 0:53:51]} 19. Bg5 {[%clk
0:19:57]} Rf7 {[%clk 0:51:18]} 20. f3 {[%clk 0:16:30]} b5 {[%clk 0:47:10]} 21.
Qd3 {[%clk 0:13:38]} 1/2-1/2

[Event "Deutsche Ländermeisterschaft 2014"]
[Site "Hannover GER"]
[Date "2014.10.04"]
[Round "2"]
[White "Klek, Hanna Marie"]
[Black "Höglauer, Patrick"]
[Result "1-0"]
[Termination "normal"]
[Board "3.3"]
[WhiteElo "2225"]
[BlackElo "2042"]
[WhiteClock "00:26:20"]
[BlackClock "00:32:14"]
[WhiteTeam "Bayern"]
[BlackTeam "Württemberg"]
[PlyCount "93"]
[WhiteFideId "24670057"]
[BlackFideId "1270548"]
[EventCountry "GER"]
[EventRounds "7"]
[EventType "team-swiss"]
[EventDate "2014.10.02"]

1. e4 {[%clk 1:30:58]} c6 {[%clk 1:30:53]} 2. Nc3 {[%clk 1:31:23]} d5 {[%clk
1:31:14]} 3. Nf3 {[%clk 1:31:48]} Bg4 {[%clk 1:31:34]} 4. h3 {[%clk 1:32:14]}
Bxf3 {[%clk 1:31:36]} 5. Qxf3 {[%clk 1:32:37]} e6 {[%clk 1:31:40]} 6. d3 {[%clk
1:32:38]} Nf6 {[%clk 1:30:19]} 7. Bd2 {[%clk 1:32:44]} Nbd7 {[%clk 1:28:46]} 8.
g4 {[%clk 1:32:57]} Bd6 {[%clk 1:20:06]} 9. O-O-O {[%clk 1:30:16]} Qc7 {[%clk
1:16:28]} 10. g5 {[%clk 1:24:18]} Ne5 {[%clk 1:12:08]} 11. Qe2 {[%clk 1:21:08]}
Nfd7 {[%clk 1:11:20]} 12. exd5 {[%clk 1:11:43]} cxd5 {[%clk 1:11:06]} 13. d4
{[%clk 1:10:17]} Nc6 {[%clk 1:07:24]} 14. Nxd5 {[%clk 1:07:46]} Qc8 {[%clk
1:05:10]} 15. Bf4 {[%clk 1:06:59]} Bxf4+ {[%clk 1:02:37]} 16. Nxf4 {[%clk
1:07:16]} O-O {[%clk 1:02:35]} 17. Kb1 {[%clk 0:59:58]} Qc7 {[%clk 1:00:18]}
18. Qe4 {[%clk 0:56:06]} Rfe8 {[%clk 0:56:45]} 19. Bd3 {[%clk 0:51:06]} Nf8
{[%clk 0:56:46]} 20. Nh5 {[%clk 0:45:41]} e5 {[%clk 0:52:48]} 21. d5 {[%clk
0:45:37]} Ne7 {[%clk 0:44:46]} 22. d6 {[%clk 0:35:32]} Qxd6 {[%clk 0:45:11]}
23. Bb5 {[%clk 0:35:58]} Qg6 {[%clk 0:45:31]} 24. Qxg6 {[%clk 0:36:00]} hxg6
{[%clk 0:45:54]} 25. Bxe8 {[%clk 0:36:21]} Rxe8 {[%clk 0:44:31]} 26. Ng3 {[%clk
0:36:44]} Nc6 {[%clk 0:43:00]} 27. c3 {[%clk 0:35:43]} f5 {[%clk 0:41:57]} 28.
gxf6 {[%clk 0:36:03]} gxf6 {[%clk 0:42:21]} 29. Ne4 {[%clk 0:36:08]} Kg7 {[%clk
0:42:23]} 30. Rd6 {[%clk 0:36:16]} Re6 {[%clk 0:41:09]} 31. Rhd1 {[%clk
0:36:28]} f5 {[%clk 0:41:02]} 32. Nc5 {[%clk 0:36:01]} Rxd6 {[%clk 0:40:46]}
33. Rxd6 {[%clk 0:36:24]} Na5 {[%clk 0:41:02]} 34. b3 {[%clk 0:33:13]} e4
{[%clk 0:40:37]} 35. Kc2 {[%clk 0:32:58]} Kh6 {[%clk 0:38:10]} 36. Rd8 {[%clk
0:29:53]} Nh7 {[%clk 0:38:05]} 37. Ne6 {[%clk 0:30:17]} Nc6 {[%clk 0:37:21]}
38. Rh8 {[%clk 0:28:54]} Ne5 {[%clk 0:36:50]} 39. h4 {[%clk 0:27:07]} Nf3
{[%clk 0:33:37]} 40. Kd1 {[%clk 0:26:57]} b6 {[%clk 0:32:57]} 41. a4 {[%clk
0:26:32]} f4 {[%clk 0:31:46]} 42. Nxf4 {[%clk 0:25:38]} Nxh4 {[%clk 0:31:06]}
43. Ne6 {[%clk 0:25:29]} Nf3 {[%clk 0:31:12]} 44. Ke2 {[%clk 0:25:35]} g5
{[%clk 0:31:29]} 45. Nf8 {[%clk 0:25:38]} Kg7 {[%clk 0:31:47]} 46. Rxh7+ {[%clk
0:26:02]} Kxf8 {[%clk 0:32:14]} 47. Rxa7 {[%clk 0:26:20]} 1-0

[Event "Deutsche Ländermeisterschaft 2014"]
[Site "Hannover GER"]
[Date "2014.10.04"]
[Round "2"]
[White "Schmidt, Tobias"]
[Black "Gretz, Denis"]
[Result "1/2-1/2"]
[Termination "normal"]
[Board "3.4"]
[WhiteElo "2050"]
[BlackElo "2040"]
[WhiteClock "00:37:37"]
[BlackClock "00:12:22"]
[WhiteTeam "Württemberg"]
[BlackTeam "Bayern"]
[PlyCount "147"]
[WhiteFideId "1271683"]
[BlackFideId "12945188"]
[EventCountry "GER"]
[EventRounds "7"]
[EventType "team-swiss"]
[EventDate "2014.10.02"]

1. e4 {[%clk 1:30:57]} c5 {[%clk 1:30:52]} 2. Nf3 {[%clk 1:31:25]} Nc6 {[%clk
1:28:21]} 3. c3 {[%clk 1:31:14]} Nf6 {[%clk 1:28:32]} 4. e5 {[%clk 1:31:40]}
Nd5 {[%clk 1:28:45]} 5. d4 {[%clk 1:32:07]} cxd4 {[%clk 1:28:36]} 6. cxd4
{[%clk 1:32:35]} d6 {[%clk 1:28:16]} 7. Bc4 {[%clk 1:32:58]} Nb6 {[%clk
1:27:56]} 8. Bb5 {[%clk 1:33:23]} d5 {[%clk 1:26:05]} 9. Nc3 {[%clk 1:25:26]}
Bf5 {[%clk 1:23:55]} 10. O-O {[%clk 1:24:18]} e6 {[%clk 1:23:22]} 11. Bg5
{[%clk 1:21:53]} Be7 {[%clk 1:21:28]} 12. Bxe7 {[%clk 1:22:09]} Qxe7 {[%clk
1:21:38]} 13. Na4 {[%clk 1:11:34]} Nxa4 {[%clk 1:10:23]} 14. Qxa4 {[%clk
1:11:53]} O-O {[%clk 1:10:24]} 15. Rfc1 {[%clk 0:58:33]} Be4 {[%clk 1:03:33]}
16. Rc3 {[%clk 0:52:33]} Rac8 {[%clk 1:01:20]} 17. Ne1 {[%clk 0:48:49]} Qg5
{[%clk 0:46:42]} 18. Bxc6 {[%clk 0:42:50]} bxc6 {[%clk 0:46:16]} 19. Rxc6
{[%clk 0:42:51]} Rxc6 {[%clk 0:45:31]} 20. Qxc6 {[%clk 0:43:19]} Qd2 {[%clk
0:45:18]} 21. Qc3 {[%clk 0:40:45]} Qxc3 {[%clk 0:44:56]} 22. bxc3 {[%clk
0:41:14]} Rc8 {[%clk 0:44:43]} 23. f3 {[%clk 0:40:21]} Bg6 {[%clk 0:42:25]} 24.
Rc1 {[%clk 0:40:03]} Rc4 {[%clk 0:40:51]} 25. g3 {[%clk 0:38:19]} Ra4 {[%clk
0:37:30]} 26. Ng2 {[%clk 0:36:52]} Rxa2 {[%clk 0:31:40]} 27. c4 {[%clk
0:36:42]} dxc4 {[%clk 0:31:15]} 28. Rxc4 {[%clk 0:36:40]} Kf8 {[%clk 0:26:28]}
29. Nf4 {[%clk 0:35:40]} Ke7 {[%clk 0:23:20]} 30. Rc7+ {[%clk 0:32:24]} Ke8
{[%clk 0:22:21]} 31. Rb7 {[%clk 0:24:53]} a5 {[%clk 0:19:58]} 32. Rb8+ {[%clk
0:24:42]} Kd7 {[%clk 0:19:27]} 33. Nxg6 {[%clk 0:25:04]} hxg6 {[%clk 0:19:16]}
34. Rb7+ {[%clk 0:25:32]} Kc6 {[%clk 0:15:46]} 35. Rxf7 {[%clk 0:25:54]} a4
{[%clk 0:16:01]} 36. Re7 {[%clk 0:15:42]} a3 {[%clk 0:14:10]} 37. Ra7 {[%clk
0:12:46]} Kb6 {[%clk 0:08:11]} 38. Ra8 {[%clk 0:13:07]} Kb7 {[%clk 0:06:27]}
39. Ra5 {[%clk 0:13:24]} Kb6 {[%clk 0:05:54]} 40. Ra8 {[%clk 0:13:53]} Kb5
{[%clk 0:05:08]} 41. d5 {[%clk 0:13:44]} exd5 {[%clk 0:04:45]} 42. e6 {[%clk
0:14:14]} Re2 {[%clk 0:04:56]} 43. Rxa3 {[%clk 0:14:37]} Rxe6 {[%clk 0:05:08]}
44. Ra7 {[%clk 0:13:02]} d4 {[%clk 0:03:17]} 45. Rxg7 {[%clk 0:13:12]} d3
{[%clk 0:02:26]} 46. Rd7 {[%clk 0:13:26]} Kc4 {[%clk 0:02:24]} 47. h4 {[%clk
0:13:18]} Kc3 {[%clk 0:02:20]} 48. Rc7+ {[%clk 0:13:42]} Kb2 {[%clk 0:02:38]}
49. Rb7+ {[%clk 0:14:01]} Kc1 {[%clk 0:02:37]} 50. Rc7+ {[%clk 0:14:30]} Kd1
{[%clk 0:02:52]} 51. Kf1 {[%clk 0:13:12]} Re1+ {[%clk 0:03:01]} 52. Kg2 {[%clk
0:12:57]} Re2+ {[%clk 0:01:44]} 53. Kf1 {[%clk 0:07:56]} Rc2 {[%clk 0:01:58]}
54. Rd7 {[%clk 0:08:21]} d2 {[%clk 0:02:06]} 55. Ra7 {[%clk 0:08:44]} Rc1
{[%clk 0:01:44]} 56. Kf2 {[%clk 0:08:44]} Kc2 {[%clk 0:02:02]} 57. Rc7+ {[%clk
0:09:11]} Kb3 {[%clk 0:02:13]} 58. Rd7 {[%clk 0:09:36]} d1=Q 59. Rxd1 Rxd1
{[%clk 0:30:00]} 60. Ke3 {[%clk 0:40:33]} Kc4 {[%clk 0:29:46]} 61. Kf4 {[%clk
0:40:57]} Rf1 {[%clk 0:29:30]} 62. g4 {[%clk 0:41:05]} Kd5 {[%clk 0:29:35]} 63.
Kg5 {[%clk 0:41:28]} Rxf3 {[%clk 0:29:29]} 64. Kxg6 {[%clk 0:41:56]} Rf4 {[%clk
0:29:04]} 65. g5 {[%clk 0:40:02]} Rxh4 {[%clk 0:29:19]} 66. Kf7 {[%clk
0:40:29]} Rf4+ {[%clk 0:23:18]} 67. Ke7 {[%clk 0:37:00]} Rg4 {[%clk 0:23:21]}
68. Kf6 {[%clk 0:37:26]} Kd6 {[%clk 0:23:33]} 69. g6 {[%clk 0:37:49]} Rf4+
{[%clk 0:23:29]} 70. Kg5 {[%clk 0:37:18]} Rf1 {[%clk 0:22:30]} 71. g7 {[%clk
0:37:41]} Ke5 {[%clk 0:12:18]} 72. Kg6 {[%clk 0:37:33]} Rg1+ {[%clk 0:12:23]}
73. Kf7 {[%clk 0:37:37]} Rxg7+ {[%clk 0:12:22]} 74. Kxg7 1/2-1/2

[Event "Deutsche Ländermeisterschaft 2014"]
[Site "Hannover GER"]
[Date "2014.10.04"]
[Round "2"]
[White "Oberhofer, Cédric"]
[Black "Zeller, Elisa"]
[Result "1/2-1/2"]
[Termination "normal"]
[Board "3.5"]
[WhiteElo "2041"]
[BlackElo "1922"]
[WhiteClock "00:25:08"]
[BlackClock "00:20:45"]
[WhiteTeam "Bayern"]
[BlackTeam "Württemberg"]
[PlyCount "51"]
[WhiteFideId "12941220"]
[BlackFideId "24662410"]
[EventCountry "GER"]
[EventRounds "7"]
[EventType "team-swiss"]
[EventDate "2014.10.02"]

1. e4 {[%clk 1:30:58]} e6 {[%clk 1:30:58]} 2. d4 {[%clk 1:31:18]} d5 {[%clk
1:31:23]} 3. e5 {[%clk 1:31:43]} c5 {[%clk 1:31:45]} 4. c3 {[%clk 1:32:07]} Nc6
{[%clk 1:32:11]} 5. Nf3 {[%clk 1:32:28]} Bd7 {[%clk 1:32:36]} 6. Be2 {[%clk
1:32:28]} Qb6 {[%clk 1:32:01]} 7. O-O {[%clk 1:32:07]} cxd4 {[%clk 1:31:54]} 8.
cxd4 {[%clk 1:32:29]} Nge7 {[%clk 1:32:18]} 9. b3 {[%clk 1:22:09]} Ng6 {[%clk
1:25:54]} 10. h4 {[%clk 1:14:04]} Be7 {[%clk 1:20:54]} 11. g3 {[%clk 1:11:53]}
h6 {[%clk 1:17:54]} 12. Bb2 {[%clk 1:05:09]} Na5 {[%clk 1:09:54]} 13. Nc3
{[%clk 0:53:10]} Bb4 {[%clk 0:54:48]} 14. Rc1 {[%clk 0:46:17]} Ne7 {[%clk
0:53:28]} 15. Nb1 {[%clk 0:40:36]} Nc8 {[%clk 0:46:15]} 16. a3 {[%clk 0:38:38]}
Be7 {[%clk 0:46:32]} 17. Nbd2 {[%clk 0:38:10]} Bb5 {[%clk 0:45:18]} 18. b4
{[%clk 0:37:21]} Bxe2 {[%clk 0:42:40]} 19. Qxe2 {[%clk 0:37:42]} Nc6 {[%clk
0:42:50]} 20. Rc2 {[%clk 0:35:32]} a6 {[%clk 0:39:24]} 21. Nb3 {[%clk 0:32:31]}
N8a7 {[%clk 0:39:08]} 22. Nc5 {[%clk 0:30:33]} Rd8 {[%clk 0:31:23]} 23. Na4
{[%clk 0:28:59]} Qc7 {[%clk 0:24:00]} 24. Rfc1 {[%clk 0:28:00]} O-O {[%clk
0:23:10]} 25. Nc5 {[%clk 0:28:00]} Qb6 {[%clk 0:20:45]} 26. Na4 {[%clk
0:25:08]} 1/2-1/2

[Event "Deutsche Ländermeisterschaft 2014"]
[Site "Hannover GER"]
[Date "2014.10.04"]
[Round "2"]
[White "Weber, Sandra"]
[Black "Schneider, Jana"]
[Result "0-1"]
[Termination "normal"]
[Board "3.6"]
[WhiteElo "1800"]
[BlackElo "1803"]
[WhiteClock "00:28:03"]
[BlackClock "00:42:35"]
[WhiteTeam "Württemberg"]
[BlackTeam "Bayern"]
[PlyCount "84"]
[WhiteFideId "1270049"]
[BlackFideId "12924997"]
[EventCountry "GER"]
[EventRounds "7"]
[EventType "team-swiss"]
[EventDate "2014.10.02"]

1. e4 {[%clk 1:30:58]} e5 {[%clk 1:30:47]} 2. Nf3 {[%clk 1:31:22]} Nc6 {[%clk
1:31:08]} 3. Bb5 {[%clk 1:31:44]} a6 {[%clk 1:31:26]} 4. Ba4 {[%clk 1:32:09]}
Nf6 {[%clk 1:31:43]} 5. O-O {[%clk 1:32:30]} b5 {[%clk 1:32:01]} 6. Bb3 {[%clk
1:32:54]} Bc5 {[%clk 1:32:18]} 7. h3 {[%clk 1:31:35]} d6 {[%clk 1:31:59]} 8.
Re1 {[%clk 1:31:42]} h6 {[%clk 1:30:08]} 9. c3 {[%clk 1:29:26]} O-O {[%clk
1:27:04]} 10. d4 {[%clk 1:27:09]} Bb6 {[%clk 1:27:11]} 11. Qd3 {[%clk 1:19:22]}
Bb7 {[%clk 1:25:48]} 12. Nbd2 {[%clk 1:13:02]} Re8 {[%clk 1:23:58]} 13. a4
{[%clk 0:59:51]} Rb8 {[%clk 1:21:51]} 14. axb5 {[%clk 0:57:04]} axb5 {[%clk
1:19:17]} 15. Re2 {[%clk 0:41:34]} Ra8 {[%clk 1:03:21]} 16. Rxa8 {[%clk
0:36:25]} Qxa8 {[%clk 1:03:43]} 17. d5 {[%clk 0:34:49]} Na5 {[%clk 0:59:29]}
18. Qc2 {[%clk 0:28:40]} Nxb3 {[%clk 0:56:23]} 19. Nxb3 {[%clk 0:27:20]} c6
{[%clk 0:56:17]} 20. dxc6 {[%clk 0:25:50]} Bxc6 {[%clk 0:56:37]} 21. Nbd2
{[%clk 0:23:00]} Nh5 {[%clk 0:55:34]} 22. Nf1 {[%clk 0:20:53]} Nf4 {[%clk
0:53:25]} 23. Re1 {[%clk 0:18:13]} Re6 {[%clk 0:48:26]} 24. Ng3 {[%clk
0:17:44]} d5 {[%clk 0:42:39]} 25. Nh4 {[%clk 0:10:13]} Qd8 {[%clk 0:36:00]} 26.
Nhf5 {[%clk 0:09:38]} Qg5 {[%clk 0:36:02]} 27. Kh2 {[%clk 0:07:32]} dxe4 {[%clk
0:36:04]} 28. Be3 {[%clk 0:06:51]} Bxe3 {[%clk 0:35:25]} 29. Nxe3 {[%clk
0:06:45]} Qg6 {[%clk 0:32:32]} 30. Rd1 {[%clk 0:05:45]} Kh7 {[%clk 0:26:33]}
31. c4 {[%clk 0:05:52]} Nd3 {[%clk 0:23:11]} 32. cxb5 {[%clk 0:05:23]} Bxb5
{[%clk 0:23:34]} 33. Qb3 {[%clk 0:04:24]} Ba6 {[%clk 0:19:47]} 34. Rd2 {[%clk
0:04:15]} Rf6 {[%clk 0:19:03]} 35. Qc2 {[%clk 0:04:18]} h5 {[%clk 0:16:15]} 36.
b3 {[%clk 0:03:28]} h4 {[%clk 0:16:06]} 37. Nh1 {[%clk 0:03:55]} Nf4 {[%clk
0:14:15]} 38. Qb2 {[%clk 0:03:09]} Bf1 {[%clk 0:14:10]} 39. Ng4 {[%clk
0:02:23]} Bxg2 {[%clk 0:13:32]} 40. Qxe5 {[%clk 0:01:08]} Bxh3 {[%clk 0:13:29]}
41. f3 {[%clk 0:27:54]} Bxg4 {[%clk 0:42:32]} 42. fxg4 {[%clk 0:28:03]} Qxg4
{[%clk 0:42:35]} 0-1

[Event "Deutsche Ländermeisterschaft 2014"]
[Site "Hannover GER"]
[Date "2014.10.04"]
[Round "2"]
[White "Shen, Julian"]
[Black "Schallner, Marc"]
[Result "1/2-1/2"]
[Termination "normal"]
[Board "3.7"]
[WhiteElo "1810"]
[BlackElo "1660"]
[WhiteClock "00:19:17"]
[BlackClock "00:29:20"]
[WhiteTeam "Bayern"]
[BlackTeam "Württemberg"]
[PlyCount "43"]
[WhiteFideId "12942898"]
[BlackFideId "12971243"]
[EventCountry "GER"]
[EventRounds "7"]
[EventType "team-swiss"]
[EventDate "2014.10.02"]

1. e4 {[%clk 1:30:58]} e6 {[%clk 1:30:57]} 2. d4 {[%clk 1:31:22]} b6 {[%clk
1:31:22]} 3. Nc3 {[%clk 1:30:56]} Bb7 {[%clk 1:31:29]} 4. f3 {[%clk 1:29:03]}
Nf6 {[%clk 1:29:32]} 5. Be3 {[%clk 1:24:25]} Be7 {[%clk 1:22:43]} 6. e5 {[%clk
1:18:00]} Nd5 {[%clk 1:20:35]} 7. Nxd5 {[%clk 1:16:52]} Bxd5 {[%clk 1:19:06]}
8. a3 {[%clk 1:11:51]} Bb7 {[%clk 1:17:20]} 9. Bd3 {[%clk 1:06:00]} O-O {[%clk
1:15:33]} 10. c3 {[%clk 1:00:32]} d6 {[%clk 1:13:27]} 11. exd6 {[%clk 0:55:46]}
Bxd6 {[%clk 1:13:06]} 12. Qc2 {[%clk 0:52:02]} h6 {[%clk 1:07:34]} 13. Be4
{[%clk 0:49:16]} Nc6 {[%clk 1:03:30]} 14. O-O-O {[%clk 0:44:59]} Qe7 {[%clk
0:59:27]} 15. Ne2 {[%clk 0:41:31]} Na5 {[%clk 0:54:16]} 16. Bxb7 {[%clk
0:38:28]} Nxb7 {[%clk 0:54:40]} 17. Qe4 {[%clk 0:34:42]} Na5 {[%clk 0:50:46]}
18. g4 {[%clk 0:29:36]} Nc4 {[%clk 0:47:03]} 19. g5 {[%clk 0:20:46]} Nxe3
{[%clk 0:32:05]} 20. Qxe3 {[%clk 0:21:03]} Qxg5 {[%clk 0:31:43]} 21. f4 {[%clk
0:19:17]} Qf5 {[%clk 0:29:20]} 22. Rdf1 1/2-1/2

[Event "Deutsche Ländermeisterschaft 2014"]
[Site "Hannover GER"]
[Date "2014.10.04"]
[Round "2"]
[White "Höglauer, Jenny"]
[Black "Khamenya, Vitalia"]
[Result "0-1"]
[Termination "normal"]
[Board "3.8"]
[WhiteElo "1026"]
[BlackElo "1272"]
[WhiteClock "00:14:47"]
[BlackClock "00:39:20"]
[WhiteTeam "Württemberg"]
[BlackTeam "Bayern"]
[PlyCount "75"]
[WhiteFideId "12982598"]
[BlackFideId "12959260"]
[EventCountry "GER"]
[EventRounds "7"]
[EventType "team-swiss"]
[EventDate "2014.10.02"]

1. e4 {[%clk 1:30:58]} c5 {[%clk 1:30:52]} 2. Nc3 {[%clk 1:31:16]} a6 {[%clk
1:30:44]} 3. f4 {[%clk 1:30:18]} d6 {[%clk 1:28:50]} 4. a3 {[%clk 1:27:59]} Nd7
{[%clk 1:26:08]} 5. Bc4 {[%clk 1:24:33]} e6 {[%clk 1:23:59]} 6. d3 {[%clk
1:22:06]} b6 {[%clk 1:23:15]} 7. Nge2 {[%clk 1:20:47]} Bb7 {[%clk 1:23:14]} 8.
O-O {[%clk 1:14:39]} h5 {[%clk 1:22:08]} 9. Qe1 {[%clk 1:01:45]} Be7 {[%clk
1:19:42]} 10. Qf2 {[%clk 0:58:20]} Bh4 {[%clk 1:18:17]} 11. g3 {[%clk 0:58:03]}
Be7 {[%clk 1:18:06]} 12. d4 {[%clk 0:57:17]} h4 {[%clk 1:15:35]} 13. f5 {[%clk
0:56:18]} hxg3 {[%clk 1:13:20]} 14. hxg3 {[%clk 0:56:29]} e5 {[%clk 1:08:12]}
15. dxe5 {[%clk 0:54:30]} Nxe5 {[%clk 1:07:24]} 16. Bd5 {[%clk 0:53:49]} Bxd5
{[%clk 1:06:46]} 17. Nxd5 {[%clk 0:54:02]} Ng4 {[%clk 1:04:21]} 18. Qf4 {[%clk
0:53:18]} Ne5 {[%clk 0:58:42]} 19. Nxe7 {[%clk 0:52:32]} Qxe7 {[%clk 0:57:14]}
20. Nc3 {[%clk 0:51:33]} Nf6 {[%clk 0:52:31]} 21. Nd5 Qb7 {[%clk 0:45:39]} 22.
Nxf6+ {[%clk 0:42:48]} gxf6 {[%clk 0:45:33]} 23. b3 {[%clk 0:41:19]} O-O-O
{[%clk 0:44:00]} 24. Bb2 {[%clk 0:38:50]} Rdg8 {[%clk 0:40:51]} 25. Kg2 {[%clk
0:34:36]} Rg4 {[%clk 0:40:18]} 26. Bxe5 {[%clk 0:22:03]} Rxf4 {[%clk 0:39:47]}
27. Bxf4 {[%clk 0:22:17]} Qxe4+ {[%clk 0:40:02]} 28. Rf3 {[%clk 0:21:34]} Qxc2+
{[%clk 0:40:07]} 29. Rf2 {[%clk 0:21:37]} Qxb3 {[%clk 0:38:42]} 30. Bxd6 {[%clk
0:21:51]} Qd5+ {[%clk 0:38:59]} 31. Rf3 {[%clk 0:19:30]} Qxd6 {[%clk 0:38:56]}
32. Rb1 {[%clk 0:19:03]} Kc7 {[%clk 0:38:34]} 33. Rg1 {[%clk 0:17:11]} c4
{[%clk 0:38:09]} 34. Rc3 {[%clk 0:16:43]} Qd2+ {[%clk 0:38:30]} 35. Kf1 {[%clk
0:16:48]} Qxc3 {[%clk 0:38:43]} 36. g4 {[%clk 0:16:39]} Rh2 {[%clk 0:39:01]}
37. Rg2 {[%clk 0:16:24]} Qf3+ {[%clk 0:39:20]} 38. Ke1 {[%clk 0:14:47]} 0-1

[Event "Deutsche Ländermeisterschaft 2014"]
[Site "Hannover GER"]
[Date "2014.10.04"]
[Round "2"]
[White "Rieß, Alexander"]
[Black "Schröder, Kevin"]
[Result "0-1"]
[Termination "normal"]
[Board "4.1"]
[WhiteElo "1937"]
[BlackElo "2250"]
[WhiteClock "00:30:51"]
[BlackClock "00:58:25"]
[WhiteTeam "Team Nord"]
[BlackTeam "Nordrhein-Westfalen"]
[PlyCount "60"]
[WhiteFideId "12953326"]
[BlackFideId "12929840"]
[EventCountry "GER"]
[EventRounds "7"]
[EventType "team-swiss"]
[EventDate "2014.10.02"]

1. d4 {[%clk 1:30:56]} Nf6 {[%clk 1:30:46]} 2. c4 {[%clk 1:31:08]} g6 {[%clk
1:30:21]} 3. Nf3 {[%clk 1:31:05]} Bg7 {[%clk 1:30:43]} 4. Nc3 {[%clk 1:31:27]}
d5 {[%clk 1:30:55]} 5. Qb3 {[%clk 1:31:27]} dxc4 {[%clk 1:31:09]} 6. Qxc4
{[%clk 1:31:48]} O-O {[%clk 1:31:32]} 7. e4 {[%clk 1:32:02]} a6 {[%clk
1:31:53]} 8. Be2 {[%clk 1:32:22]} b5 {[%clk 1:31:36]} 9. Qb3 {[%clk 1:31:24]}
c5 {[%clk 1:31:13]} 10. dxc5 {[%clk 1:31:45]} Nbd7 {[%clk 1:24:34]} 11. c6
{[%clk 1:21:47]} Nc5 {[%clk 1:24:34]} 12. Qb4 {[%clk 1:12:20]} Nd3+ {[%clk
1:24:57]} 13. Bxd3 {[%clk 1:12:44]} Qxd3 {[%clk 1:25:25]} 14. Be3 {[%clk
1:12:02]} Ng4 {[%clk 1:20:30]} 15. Bd4 {[%clk 1:05:48]} a5 {[%clk 1:15:32]} 16.
Qxb5 {[%clk 1:05:05]} Nxf2 {[%clk 1:14:51]} 17. Bxg7 {[%clk 1:02:46]} Ba6
{[%clk 1:12:21]} 18. Qxd3 {[%clk 0:51:16]} Nxd3+ {[%clk 1:12:50]} 19. Kd2
{[%clk 0:51:32]} Kxg7 {[%clk 1:13:14]} 20. b3 {[%clk 0:50:17]} Rfd8 {[%clk
1:13:08]} 21. c7 {[%clk 0:48:15]} Rd7 {[%clk 1:11:48]} 22. Nd5 {[%clk 0:47:00]}
Nb4 {[%clk 1:07:07]} 23. Ke3 {[%clk 0:39:28]} Nxd5+ {[%clk 1:03:10]} 24. exd5
{[%clk 0:39:50]} Rxc7 {[%clk 1:02:36]} 25. Rac1 {[%clk 0:33:02]} Rac8 {[%clk
1:01:00]} 26. Rxc7 {[%clk 0:33:26]} Rxc7 {[%clk 1:01:28]} 27. Nd4 {[%clk
0:32:56]} Rc3+ {[%clk 0:59:36]} 28. Ke4 {[%clk 0:31:46]} f5+ {[%clk 0:58:37]}
29. Kf4 {[%clk 0:31:35]} Kf6 {[%clk 0:58:23]} 30. Re1 {[%clk 0:30:51]} g5#
{[%clk 0:58:25]} 0-1